000 00792nam a2200229Ia 4500
003 OSt
005 20220916111053.0
006 a|||||r|||| 00| 0
007 ta
008 Pun
024 _a247477
037 _cTextbook
040 _bPun
_aARTS
_cARTS
041 _aPun
082 _aO1591,3N14,1, 153K6
100 _aਮਹਾਂਤੀ, ਗੋਪੀਨਾਥ; ਸਤਿਆਰਥੀ, ਦੇਵਿੰਦਰ, ੳਗ।
245 0 _aਅੰਮ੍ਰਿਤ ਸੰਤਾਨ
260 _aਦਿੱਲੀ
_bਸਾਹਿਤ ਅਕਾਦੇਮੀ ਭਾਰਤ
_c1966
300 _a577ਪੰ
_ccm.
942 _hO1591,3N14,1, 153K6
_cTB
_2CC
999 _c104969
_d104969